000 00454nam a2200157Ia 4500
003 OSt
005 20201005160205.0
008 190216s9999||||xx |||||||||||||| ||und||
040 _coclc
082 _a825.62
_bSEL/B
100 _aSelby, F G
_94699
245 0 _aBurke`s Speeches /
_cF G Selby ; M A Oxon
260 _bMac Millian And Com. Ltd,
_c1956.
_aLondon:
300 _a260p
942 _cBK
_2ddc
_h825.62
_iSEL/B
_k825.62
_mSEL/B
999 _c11711
_d11711